01611nmc a2200421 a 4500003000900000005001700009008004100026020001800067040001300085245009100098250001200189260006800201300001100269490003500280500027500315610000900590650001500599650002600614650002500640650002500665650003100690650002700721650002600748650002000774651001100794653001300805700003300818700002500851700002300876700002300899700002900922700002200951700002000973700001800993700002001011700002901031711012901060AR-BaBNM20251128211828.0026120s2003 ||||||||||||||000 | spa|| a987-1105-36-3 cAR-BaBNM10aEntre la confrontación y el diálogobintegración regional y diplomacia ciudadana a1ª ed. aBuenos AiresbSiglo XXI EditoresbUniversidad de Belgranoc20030 a245 p. 0aEstudios globales y regionales1 aLa obra reúne las ponencias más representativas del seminario 'Integración hemisférica y diplomacia ciudadana : entre la confrontación y el diálogo', realizado en la sede de la Facultad de Estudios para Graduados de la Universidad de Belgrano de Buenos Aires24aALCA 4aDIPLOMACIA 4aINTEGRACION ECONOMICA 4aINTEGRACION POLITICA 4aINTEGRACION REGIONAL 4aNEGOCIACIONES DIPLOMATICAS 4aRELACIONES COMERCIALES 4aRELACIONES ECONOMICAS 4aREGIONALIZACION 4aCaribe 0aMERCOSUR1 aSerbin, Andrésecompilador1 aBlanco, Juan Antonio1 aJácome, Francine1 aBizzozero, Lincoln1 aKorzeniewicz, Roberto P.1 aSmith, William C.1 aBotto, Mercedes1 aTussie, Diana1 aZambra, Fabiola1 aRojas Aravena, Francisco2 aIntegración hemisférica y diplomacia ciudadana : entre la confrontación y el diálogod2002cBuenos Aires, Argentina